000 00607cam a22002053a 4500
001 39268
003 PGUSA
005 20140828083855.0
008 120325s2012||||xxu|||||s|||||000 | eng d
040 _aPGUSA
_beng
042 _adc
100 1 _aWestbrook, Richard B.
245 1 4 _aThe Eliminator; or, Skeleton Keys to Sacerdotal Secrets
_h[electronic resource] /
_cRichard B. Westbrook
260 _bProject Gutenberg,
_c2012
506 _aPublic domain in the USA.
516 _aElectronic text
830 0 _aProject Gutenberg
_v39268
856 4 0 _uhttp://www.gutenberg.org/ebooks/39268
942 _cEB
999 _c268521
_d268521